| 000 | 00684nam a2200205 a 4500 | ||
|---|---|---|---|
| 005 | 20210223130900.0 | ||
| 008 | 081119s2004 mx r 000 0 spa d | ||
| 020 | _a9685142653 | ||
| 035 | _aUPN01000168020 | ||
| 049 | _aI | ||
| 050 | 4 |
_aP211 _bR6.8 |
|
| 100 | 1 | _aRossi, Renzo | |
| 245 | 1 | 0 |
_aTiempos modernos / _cRenzo Rossi ; il. Alessandro Baldanzi ; tr. Valentina Cantón. |
| 260 |
_aNaucalpan, Estado de México : _bCorreo del Maestro : _bLa Vasija, _c2004. |
||
| 300 |
_a28 p. : _bil. col. |
||
| 440 | 3 | _aEl arte de leer y escribir | |
| 650 | 4 |
_aESCRITURA - _vLITERATURA INFANTIL _911213 |
|
| 650 | 4 |
_aESCRITURA - _xHISTORIA - _vLITERATURA INFANTIL _912578 |
|
| 905 | _aInfantil | ||
| 999 |
_c140129 _d140129 |
||